LDR 00800naa#a2200193#i#450# 001 EN\\bibl\119751 005 20260416002922.4 011 ## _a2308-8877 100 ## _a20260406b2026####ek#y0engy0150####ca 102 ## _aRU 200 1# _aMODERN MECHANISM OF MULTIPURPOSE USE OF FORESTS IN THE RUSSIAN FEDERATION _eJournal article 210 1# _aVoronezh _cFSBE Institution of Higher Education Voronezh State University of Forestry and Technologies named after G.F. Morozov _d2026 215 ## _a14 с. 608 ## _aJournal article _2local 675 ## _aЭкономика. Народное хозяйство. Экономические науки. 33 _z 700 #1 _aMorkovina _gSvetlana Sergeevna 700 #1 _aTopcheev _gAndrey Nikolaevich Nikolaevich 700 #1 _aKuznetsov _gDenis Konstantinovich 856 4# _aanni.editorum.ru _u